Music Quiz

Random Music or Song Quiz

Sister Hazel Songs Quiz Stats

 Plays Quiz not verified by Sporcle

Also try: Which Wilbury?
Challenge
Share
Tweet
Embed
Score 0/128 Timer 08:00
0 Plays Today
Hint Answer % Correct
Champagne High
100%
Your Winter
100%
Happy
66.7%
All For You
66.7%
Look To the Children
66.7%
...Somewhere More FamiliarJust Remember
66.7%
Superman
66.7%
Cerilene
66.7%
We'll Find It
66.7%
Starfish
66.7%
Elvis
66.7%
Fortress
66.7%
All For You
66.7%
Wanted it to Be
33.3%
So Long
33.3%
Concede
33.3%
FortressChange Your Mind
33.3%
Back Porch
33.3%
Thank You
33.3%
Beautiful Thing
33.3%
Surreal
33.3%
Shame on Me
33.3%
Strange Cup of Tea
33.3%
Save Me
33.3%
Give in
33.3%
Out There
33.3%
Chasing DaylightYour Mistake
33.3%
Come Around
33.3%
One Love
33.3%
Best I'll Ever Be
33.3%
Life Got in the Way
33.3%
Everybody
33.3%
Swan Dive
33.3%
Killing Me Too
33.3%
Sword and Shield
33.3%
Hopeless
33.3%
Effortlessly
33.3%
Can't Believe
33.3%
AbsolutelyShame
33.3%
ReleaseRelease
33.3%
Take A Bow
33.3%
I Believe in You
33.3%
Run For the Hills
33.3%
Hint Answer % Correct
Better Way
33.3%
Walls and Cannonballs
33.3%
Vacation Rain
33.3%
See Me Beautiful
33.3%
One Life
33.3%
Take It Back
33.3%
Fade
33.3%
Ghost in the Crowd
33.3%
Lighter In The DarkFall Off the Map
33.3%
That Kind of Beautiful
33.3%
Karaoke Song
33.3%
Something to Believe In
33.3%
Kiss Me Without Whiskey
33.3%
Almost Broken
33.3%
Take it With Me
33.3%
We Got it All Tonight
33.3%
Danger is Real
33.3%
Prettiest Girl at the Dance
33.3%
Thoroughbred Heart
33.3%
Run Highway Run
33.3%
Back to Me
33.3%
Ten Candle Days
33.3%
Think About Me
33.3%
LiftSurrender
0%
Lay it Down
0%
World Inside My Head
0%
Hold On
0%
I Will Come Through
0%
All About the Love
0%
In The Moment
0%
Dreamers
0%
Another Me
0%
Firefly
0%
Just What I Needed
0%
Eric
0%
Green (Welcome to the World)
0%
Mandolin Moon
0%
Meet Me In the Memory
0%
Beautiful High
0%
Hey Hey
0%
Hello It's Me
0%
Tear by Tear
0%
Where Do You Go
0%
Hint Answer % Correct
Anyway
0%
This Kind of Love
0%
Truth Is
0%
One Time
0%
Everything Else Disappears
0%
Heartland HighwayGreat Escape
0%
Stay Awhile
0%
Far Away
0%
Let The Fire Burn
0%
At Your Worst
0%
The Saddest Song
0%
Where You're Going
0%
Complicate
0%
She's Got a Hold On Me
0%
Lessons in Love, Hope and Faith
0%
Lessons in Love, Hope and Faith
0%
Lessons in Love, Hope and Faith
0%
One Nation
0%
Sometimes
0%
Sister HazelFeel It
0%
Will Not Follow
0%
Used To Run
0%
Little Things
0%
Space Between Us
0%
Don't Think It's Funny
0%
Running Through The Fields
0%
Bring it on Home (To Me)
0%
Bam! Volume 1What Kind of Living
0%
Boy Next Door
0%
Work In Progress
0%
Sweet Destiny
0%
On Your Mind
0%
Sick to My Soul
0%
Mosquito
0%
Little Black Heart
0%
Sail Away
0%
Wrong the Right Way
0%
Grand Canyon
0%
Save Myself
0%
Can't Get You Off My Mind
0%
She's Gone
0%
Mona Lisas
0%

You're not logged in!

Compare scores with friends on all Sporcle quizzes.
Join for Free
OR
Log In

You Might Also Like...

Show Comments

Extras

Created May 27, 2016ReportNominate
Tags:Song Quiz, sister

Top Quizzes Today


Score Distribution

Your Account Isn't Verified!

In order to create a playlist on Sporcle, you need to verify the email address you used during registration. Go to your Sporcle Settings to finish the process.

Report this User

Report this user for behavior that violates our Community Guidelines.

Details: